000 00290nam a22001097a 4500
999 _c169207
_d169207
082 _a
_b
100 _aHuggan Graham
245 _aAustralian literature:
_bpostcolonialism racism transnationalism/
_cby Huggan Graham.
260 _aNew Delhi:
_bOxford,
_c2009.
650 _a
942 _cBK